ბათუმის შოთა რუსთაველის სახელმწიფო უნივერსიტეტის ბიბლიოთეკა

Группы и Алгебры ли. Групы кокстера и системы титса. Группы, порожденные отражениями системы корней (ბიბ.ჩანაწერი № 38607)

000 -LEADER
fixed length control field 00932nam a2200217Ia 4500
001 - CONTROL NUMBER
control field 4747
003 - CONTROL NUMBER IDENTIFIER
control field GE_BSU
008 - FIXED-LENGTH DATA ELEMENTS--GENERAL INFORMATION
fixed length control field 181216s||||||||xx |||||||||||||| ||und||
040 ## - CATALOGING SOURCE
Transcribing agency GE_BSU
080 ## - UNIVERSAL DECIMAL CLASSIFICATION NUMBER
Universal Decimal Classification number 512.54+512.81
100 ## - MAIN ENTRY--PERSONAL NAME
Personal name Бурбаки, Н.
245 ## - TITLE STATEMENT
Title Группы и Алгебры ли. Групы кокстера и системы титса. Группы, порожденные отражениями системы корней
245 ## - TITLE STATEMENT
Statement of responsibility, etc. Под. ед. А.И. Кострикина. Пер. с французского А.И. Кострикина, А.И.Тюрина.
260 ## - PUBLICATION, DISTRIBUTION, ETC.
Place of publication, distribution, etc. Москва
260 ## - PUBLICATION, DISTRIBUTION, ETC.
Name of publisher, distributor, etc. Мир
260 ## - PUBLICATION, DISTRIBUTION, ETC.
Date of publication, distribution, etc. 1972
300 ## - PHYSICAL DESCRIPTION
Extent 334 с. 22 см.
653 ## - INDEX TERM--UNCONTROLLED
Uncontrolled term Группы и Алгебры ли.
653 ## - INDEX TERM--UNCONTROLLED
Uncontrolled term Групы кокстера и системы титса. Группы, порожденные отражениями системы корней
942 ## - ADDED ENTRY ELEMENTS (KOHA)
Koha item type წიგნი
ეგზემპლარები
Withdrawn status Lost status Damaged status Not for loan Date acquired Barcode Date last seen Price effective from Koha item type
        2018-12-17 15005 2018-12-17 2018-12-17 წიგნი
        2018-12-17 16407 2018-12-17 2018-12-17 წიგნი
        2018-12-17 16629 2018-12-17 2018-12-17 წიგნი
        2018-12-17 16637 2018-12-17 2018-12-17 წიგნი